Lý luận và phương pháp giáo dục thể dục thể thao trong nhà trường

Uloženo v:
Podrobná bibliografie
Hlavní autor: Trịnh trung Hiếu
Médium: Kniha
Jazyk:Undetermined
Vydáno: Hà Nội TDTT 1997
Témata:
Tagy: Přidat tag
Žádné tagy, Buďte první, kdo otaguje tento záznam!
Thư viện lưu trữ: Trung tâm Học liệu Trường Đại học Cần Thơ
LEADER 00544nam a2200169Ia 4500
001 CTU_19481
008 210402s9999 xx 000 0 und d
082 |a 796.071 
082 |b H309 
100 |a Trịnh trung Hiếu 
245 0 |a Lý luận và phương pháp giáo dục thể dục thể thao trong nhà trường 
245 0 |c Trịnh trung Hiếu 
260 |a Hà Nội 
260 |b TDTT 
260 |c 1997 
650 |a physical education and training 
980 |a Trung tâm Học liệu Trường Đại học Cần Thơ